00000000nam 2200000zi 4500
0019.947430
003CaOODSP
00520250129102007
006m     o  d f      
007cr cn|||||||||
008250128e200403##qucbd   o    f000 0 fre d
040 |aCaOODSP|bfre|erda|cCaOODSP
043 |an-cn-qu
0861 |aEn57-52/134F-PDF
1001 |aFortin, Patrice, |eauteur.
24510|aRapport préliminaire Atlas des courants, Port de Montréal / |cPatrice Fortin, Jean Morin et Olivier Champoux.
24610|aAtlas des courants, Port de Montréal
264 1|aSainte-Foy : |bEnvironnement Canada, |cMars 2004.
300 |a1 ressource en ligne (v, 14, 60 pages) : |bcartes, graphiques.
336 |atexte|btxt|2rdacontent/fre
337 |ainformatique|bc|2rdamedia/fre
338 |aressource en ligne|bcr|2rdacarrier/fre
4901 |aRapport technique SMC Québec - Section hydrologie ; |vRT-134
500 |aTitre de la couverture.
500 |aÉdition numérisée de l’imprimé [par Environnement et changement climatique Canada].
520 |a« La Section Hydrologie du Service météorologique du Canada a obtenu le mandat de réaliser plusieurs simulations hydrodynamiques dans le secteur du Port de Montréal. L'administration portuaire a commandé un Atlas des courant couvrant le Port de Montréal, du coté nord du Saint-Laurent, soit du Vieux Port jusqu'à l'aval (1 km) du quai 110 » -- Introduction, page 1.
650 6|aCourant|zQuébec (Province)|zMontréal|xSimulation par ordinateur|vCartes.
650 0|aWater currents|zQuébec (Province)|zMontréal|xComputer simulation|vMaps.
655 7|aAtlases|2lcgft
655 7|aAtlas|2rvmgf
7102 |aService météorologique du Canada. |bRégion du Québec. |bSection hydrologie‏, |eorganisme de publication.
830#0|aRapport technique SMC - Section hydrologie ;|vRT-134.|w(CaOODSP)9.920057
85640|qPDF|s85.9 Mo|uhttps://publications.gc.ca/collections/collection_2025/eccc/en57/En57-52-134-fra.pdf